LEADER 01868oam 2200265z- 450 001 9910150481403321 005 20230913112557.0 010 $a1-938288-62-9 035 $a(CKB)3710000000944241 035 $a(BIP)053623082 035 $a(EXLCZ)993710000000944241 100 $a20190224c2016uuuu -u- - 101 0 $aeng 200 10$aEat to Beat Alzheimer's: Delicious Recipes and New Research to Prevent and Slow Dementia 210 $cTerra Nova Books 330 8 $aEat to Beat Alzheimer's offers a practical guide and an empowering tool to bring nourishing, healthful, and delicious food into the lives of people concerned about Alzheimer's and other cognitive problems. Almost 9 million people in the U.S. suffer from Alzheimer's and other forms of dementia, and the toll is rapidly increasing. This book will appeal to everyone concerned about dementia and memory loss in either themselves or a loved one.Recent research makes clear that the impact of aging on the brain can be reduced by simple diet and lifestyle modifications. The delicious food choices and easy-to-prepare recipes in this book are based on the latest findings showing that they can help slow the progression of Alzheimer's and other conditions like it, or prevent them entirely.Readers will gain the knowledge and tools to take charge of their health by incorporating tasty, healing foods into their diet. The information in this cookbook will be as relevant and useful 20 years from now as it is today. And the recipes will still be just as delicious. 517 $aEat to Beat Alzheimer's 610 $aHealth 610 $aHealth & Fitness 676 $a616.8310654 700 $aHealey$b Francie$01436447 906 $aBOOK 912 $a9910150481403321 996 $aEat to Beat Alzheimer's: Delicious Recipes and New Research to Prevent and Slow Dementia$93595192 997 $aUNINA